[Event "SR 2. liga A 2011/2012"]
[Site "?"]
[Date "2011.11.05"]
[Round "13.5"]
[White "Partys, Petr"]
[Black "Puchart, Vladimir"]
[Result "0-1"]
[WhiteElo "2027"]
[BlackElo "2079"]
[PlyCount "130"]
[EventDate "2011.??.??"]
[WhiteTeam "Slovakia"]
[BlackTeam "Slovakia"]
[WhiteTeamCountry "SVK"]
[BlackTeamCountry "SVK"]

1. e4 c5 2. Nc3 Nc6 3. Bb5 g6 4. Bxc6 bxc6 5. f4 Bg7 6. Nf3 Nf6 7. d3 Rb8 8.
O-O h5 9. Qe1 d5 10. f5 gxf5 11. Qg3 fxe4 12. Qxb8 exf3 13. Rxf3 Ng4 14. Bg5
Bd4+ 15. Kh1 Nf2+ 16. Rxf2 Bxf2 17. Rf1 Bd4 18. Ne2 Bg7 19. Qxa7 Be5 20. Qxc5
Qd6 21. Qf2 Be6 22. Bf4 Rg8 23. Bxe5 Qxe5 24. Nd4 Rg5 25. Nxe6 fxe6 26. b3 h4
27. h3 Rg3 28. a4 d4 29. Qf4 Qd5 30. Rf3 Rxf3 31. gxf3 Kd7 32. Kg2 Qc5 33. Qd2
Qe5 34. Qf2 Qg5+ 35. Kh1 e5 36. Qg1 Qd2 37. Qg4+ Kd6 38. Qxh4 Qxc2 39. Qe4 Qxb3
40. h4 Qxa4 41. h5 Qd1+ 42. Kg2 Qd2+ 43. Kh3 Qh6 44. Kg4 e6 45. Kh4 Qf6+ 46.
Kg4 $11 Qh6 47. Kh4 c5 48. Kg4 Qg7+ 49. Kh4 Ke7 50. Qa8 Kf6 51. Qd8+ Kf5 52.
Kh3 Kf4 53. Qh4+ Kxf3 54. Qe4+ Kf2 55. Qg6 Qf8 56. Qg3+ Ke2 57. Qxe5+ Kxd3 58.
Qxe6 Qf3+ 59. Kh4 Qf4+ 60. Qg4 Qxg4+ 61. Kxg4 Ke4 62. Kg5 d3 63. h6 d2 64. h7
d1=Q 65. h8=Q Qg1+ 0-1

[Event "SR 2. liga A 2011/2012"]
[Site "?"]
[Date "2011.11.05"]
[Round "13.6"]
[White "Sturdik, Igor"]
[Black "Koloditsova, Renata"]
[Result "0-1"]
[WhiteElo "2067"]
[BlackElo "1839"]
[PlyCount "94"]
[EventDate "2011.??.??"]
[WhiteTeam "Slovakia"]
[BlackTeam "Slovakia"]
[WhiteTeamCountry "SVK"]
[BlackTeamCountry "SVK"]

1. e4 e5 2. Nf3 Nf6 3. d4 Nxe4 4. dxe5 d5 5. Bd3 Be7 6. O-O O-O 7. c4 c6 8. Qc2
Bf5 9. Nc3 Na6 10. Bxe4 Nb4 11. Qe2 dxe4 12. Nxe4 Qd3 13. Qxd3 Nxd3 14. Ng3 Bg4
15. b3 Bxf3 16. gxf3 Nxe5 17. Kg2 Ng6 18. Bb2 Nh4+ 19. Kh1 f5 20. f4 Ng6 21.
Nh5 Rf7 22. Rad1 Nf8 23. Kg2 g6 24. Ng3 Bf6 25. Bxf6 Rxf6 26. Rfe1 Kf7 27. Kf3
Re8 28. Rxe8 Kxe8 29. Ne2 Ke7 30. c5 Ne6 31. b4 Rf8 32. Nc1 Rd8 33. Rxd8 Kxd8
34. Ke3 a5 35. a3 Kc8 36. Nd3 axb4 37. axb4 Kb8 38. Ne5 Ka7 39. Nc4 Ka6 40. Nd6
Nc7 41. Kd3 Nd5 42. Kc4 Nxf4 43. Kd4 b5 44. cxb6 Kxb6 45. Nc4+ Kb5 46. Ne5 Nd5
47. Nf3 Kxb4 0-1

[Event "SR 2. liga A 2011/2012"]
[Site "?"]
[Date "2011.11.05"]
[Round "13.7"]
[White "Kahancova, Jana"]
[Black "Stetina, Erik"]
[Result "0-1"]
[WhiteElo "1670"]
[BlackElo "2042"]
[PlyCount "52"]
[EventDate "2011.??.??"]
[WhiteTeam "Slovakia"]
[BlackTeam "Slovakia"]
[WhiteTeamCountry "SVK"]
[BlackTeamCountry "SVK"]

1. e4 e5 2. Nf3 Nc6 3. Bc4 Nf6 4. d3 Be7 5. c3 O-O 6. O-O d6 7. Bg5 Nd7 8. Bxe7
Qxe7 9. Nbd2 Nb6 10. Bb3 Bg4 11. Re1 Kh8 12. h3 Bh5 13. Nf1 Rae8 14. Ng3 Bxf3
15. Qxf3 g6 16. Qe3 f5 17. exf5 gxf5 18. f4 Qh4 19. Rf1 Na5 20. Bd1 $2 Nd5 21.
Qf2 Nxf4 22. d4 Nc4 23. b3 Rg8 24. Nxf5 Qxh3 25. g4 Qxc3 26. bxc4 Nh3+ 0-1

[Event "SR 2. liga A 2011/2012"]
[Site "?"]
[Date "2011.11.05"]
[Round "13.8"]
[White "Krist, Milan"]
[Black "Tomovicsova, Evelina"]
[Result "1/2-1/2"]
[WhiteElo "1990"]
[BlackElo "1689"]
[PlyCount "110"]
[EventDate "2011.??.??"]
[WhiteTeam "Slovakia"]
[BlackTeam "Slovakia"]
[WhiteTeamCountry "SVK"]
[BlackTeamCountry "SVK"]

1. d4 d5 2. c4 e6 3. Nc3 Be7 4. Nf3 Nf6 5. e3 O-O 6. Bd3 Nbd7 7. O-O b6 8. cxd5
exd5 9. b3 Bb7 10. Bb2 Ne4 11. Rc1 a6 12. Qc2 Ndf6 13. Nd2 Nxd2 14. Qxd2 Re8
15. Ne2 h6 16. Ng3 Ne4 17. Qc2 Nxg3 18. hxg3 Bd6 19. Rce1 Qd7 20. Qe2 Be7 21.
Qf3 Bf6 22. Ba3 Be7 23. Bb2 Bf6 24. Ba3 Be7 25. Bxe7 Rxe7 26. Rc1 Qd6 27. Rc2
c5 28. Qf4 Qxf4 29. gxf4 cxd4 30. exd4 Rc8 31. Rfc1 Rxc2 32. Rxc2 Kf8 33. Kf1
Ke8 34. Re2 Rxe2 35. Kxe2 Ke7 36. Kd2 Kd6 37. Kc3 Bc8 38. b4 g6 39. g3 f5 40.
a3 g5 41. fxg5 hxg5 42. Kd2 Ke6 43. Ke3 Kf6 44. Be2 Bb7 45. Bd3 Bc8 46. Kf3 Bb7
47. Kg2 Bc8 48. Kh3 Bb7 49. f4 g4+ 50. Kg2 Bc8 51. Kf2 Ke6 52. Ke2 Kd6 53. Kd2
Kc6 54. Kc3 Kb7 55. Kb3 Be6 $11 1/2-1/2

[Event "SR 2. liga A 2011/2012"]
[Site "?"]
[Date "2011.11.05"]
[Round "14.1"]
[White "Petreje, Juraj"]
[Black "Pagerka, Martin"]
[Result "1-0"]
[WhiteElo "2175"]
[BlackElo "2200"]
[PlyCount "95"]
[EventDate "2011.??.??"]
[WhiteTeam "Slovakia"]
[BlackTeam "Slovakia"]
[WhiteTeamCountry "SVK"]
[BlackTeamCountry "SVK"]

1. c4 e5 2. Nc3 Nc6 3. g3 Bc5 4. Bg2 f5 5. e3 Nf6 6. Nge2 d6 7. d4 Bb6 8. b4 a5
9. b5 Ne7 10. Na4 e4 11. Bb2 Ba7 12. Qb3 d5 13. Ba3 Be6 14. c5 c6 15. h4 Bb8
16. Rb1 Bc7 17. Nb6 Rb8 18. Qa4 Nd7 19. Nxd7 cxb5 20. Nf6+ Kf7 21. Qxb5 Kxf6
22. Nf4 Bd7 23. Qe2 g6 24. O-O h6 25. f3 Bxf4 26. gxf4 Bc6 27. Rb6 Nc8 28. Rb2
Kg7 29. Qe1 exf3 30. Rxf3 h5 31. Rg3 Re8 32. Bf3 Kh7 33. Rg5 Qe7 34. Rb3 a4 35.
Rc3 Na7 36. Qg3 Nb5 37. Rd3 Nxa3 38. Rxa3 b5 39. Bxh5 Rg8 40. Bxg6+ Rxg6 41.
Rxg6 b4 42. Rd3 b3 43. axb3 axb3 44. Rg5 Be8 45. Rd1 b2 46. Rb1 Rb7 47. Qe1 Qe4
48. Rg2 1-0

[Event "SR 2. liga A 2011/2012"]
[Site "?"]
[Date "2011.11.05"]
[Round "14.2"]
[White "Bury, Rastislav"]
[Black "Bronis, Marian"]
[Result "0-1"]
[WhiteElo "2173"]
[BlackElo "2160"]
[PlyCount "48"]
[EventDate "2011.??.??"]
[WhiteTeam "Slovakia"]
[BlackTeam "Slovakia"]
[WhiteTeamCountry "SVK"]
[BlackTeamCountry "SVK"]

1. d4 d6 2. Nf3 g6 3. g3 Bg7 4. Bg2 Nf6 5. O-O O-O 6. c4 Nc6 7. d5 Na5 8. Nbd2
c5 9. e4 e5 10. a3 b6 11. Qc2 Nh5 12. Ne1 f5 13. f3 Bd7 14. Nd3 b5 15. b4 cxb4
16. axb4 Nxc4 17. Nxc4 bxc4 18. Qxc4 Qb6+ 19. Kh1 Bb5 20. Qb3 Qd4 21. Ra3 fxe4
22. fxe4 Rxf1+ 23. Bxf1 Qxe4+ 24. Bg2 Qe2 0-1

[Event "SR 2. liga A 2011/2012"]
[Site "?"]
[Date "2011.11.05"]
[Round "14.3"]
[White "Biro, Karol"]
[Black "Polasek, Filip"]
[Result "0-1"]
[WhiteElo "2158"]
[BlackElo "2123"]
[PlyCount "68"]
[EventDate "2011.??.??"]
[WhiteTeam "Slovakia"]
[BlackTeam "Slovakia"]
[WhiteTeamCountry "SVK"]
[BlackTeamCountry "SVK"]

1. c4 e6 2. g3 d5 3. Bg2 Nf6 4. Nf3 Bd7 5. Ne5 Nc6 6. Nxd7 Qxd7 7. cxd5 exd5 8.
d4 Bb4+ 9. Kf1 O-O 10. Bg5 Ne4 11. Be3 f5 12. Qb3 Qf7 13. f3 Nf6 14. Nc3 Bxc3
15. Qxc3 Rae8 16. Re1 Qe7 17. Bg5 h6 18. Bxf6 Qxf6 19. e3 Qd6 20. Kf2 Ne7 21.
h4 c6 22. b4 a6 23. Qc5 Qg6 24. h5 Qf7 25. a4 Nc8 26. b5 axb5 27. axb5 Re6 28.
f4 Nd6 29. bxc6 bxc6 30. Bf3 Nc4 31. g4 fxg4 32. Bxg4 Rxe3 33. f5 Qe8 34. Qb4
Qe4 0-1

[Event "SR 2. liga A 2011/2012"]
[Site "?"]
[Date "2011.11.05"]
[Round "14.4"]
[White "Jozefek, Michal"]
[Black "Dolnak, Michal"]
[Result "0-1"]
[WhiteElo "1910"]
[BlackElo "2098"]
[PlyCount "70"]
[EventDate "2011.??.??"]
[WhiteTeam "Slovakia"]
[BlackTeam "Slovakia"]
[WhiteTeamCountry "SVK"]
[BlackTeamCountry "SVK"]

1. d4 d5 2. c4 c6 3. Nf3 Nf6 4. e3 e6 5. b3 Bb4+ 6. Bd2 Bd6 7. Bd3 Nbd7 8. Bc3
O-O 9. Nbd2 Bc7 10. Qc2 h6 11. O-O Re8 12. Ne5 Nxe5 13. dxe5 Nd7 14. Nf3 Qe7
15. e4 dxc4 16. Bxc4 b6 17. Rfd1 Rd8 18. Rd2 Bb7 19. Rad1 c5 20. a3 a6 21. Bf1
Rac8 22. b4 Nb8 23. bxc5 Qxc5 24. Qb2 Nc6 25. Nd4 b5 26. Nxc6 Qxc6 27. Rxd8+
Rxd8 28. Rxd8+ Bxd8 29. f3 Bb6+ 30. Bd4 Bc5 31. Qc3 Be7 32. Qb3 Bc8 33. Kf2 Qc1
34. Bb2 Qd2+ 35. Kg3 Qe1+ 0-1

[Event "SR 2. liga A 2011/2012"]
[Site "?"]
[Date "2011.11.05"]
[Round "14.5"]
[White "Duriga, Stefan"]
[Black "Spacek, Oliver"]
[Result "1-0"]
[WhiteElo "2242"]
[BlackElo "1907"]
[PlyCount "100"]
[EventDate "2011.??.??"]
[WhiteTeam "Slovakia"]
[BlackTeam "Slovakia"]
[WhiteTeamCountry "SVK"]
[BlackTeamCountry "SVK"]

1. d4 Nf6 2. c4 g6 3. Nc3 Bg7 4. e4 d6 5. f3 O-O 6. Be3 a6 7. Qd2 Nbd7 8. Bd3
c5 9. Nge2 Re8 10. O-O e6 11. Rfd1 Qc7 12. Rac1 b6 13. Bb1 Bb7 14. dxc5 dxc5
15. Bf4 e5 16. Bg5 Nf8 17. Nd5 Qd8 18. Qe3 Nxd5 19. cxd5 Bf6 20. h4 Rc8 21. a4
c4 22. Nc3 Nd7 23. Ba2 Bxg5 24. hxg5 Qc7 25. Ne2 b5 26. b3 Qb6 27. Qxb6 Nxb6
28. bxc4 Nxa4 29. cxb5 axb5 30. d6 Red8 31. Rxc8 Bxc8 32. Bd5 b4 33. Kf2 Kf8
34. Rb1 Nc5 35. Ke3 Be6 36. Rxb4 Rxd6 37. Nc3 Bxd5 38. exd5 Nd7 39. Rb7 f5 40.
f4 Nb6 41. fxe5 Nxd5+ 42. Kd4 Rb6 43. Rxb6 Nxb6 44. Kc5 Nc8 45. Nb5 Kg7 46. Kc6
h6 47. Nd6 Ne7+ 48. Kd7 Kf8 49. gxh6 g5 50. Ke6 f4 1-0

[Event "SR 2. liga A 2011/2012"]
[Site "?"]
[Date "2011.11.05"]
[Round "14.6"]
[White "Pericka, Tomas"]
[Black "Kebis, Milos"]
[Result "1-0"]
[WhiteElo "2008"]
[BlackElo "2008"]
[PlyCount "49"]
[EventDate "2011.??.??"]
[WhiteTeam "Slovakia"]
[BlackTeam "Slovakia"]
[WhiteTeamCountry "SVK"]
[BlackTeamCountry "SVK"]

1. e4 g6 2. d4 Bg7 3. Be3 d6 4. Nc3 Nf6 5. Be2 O-O 6. g4 e5 7. d5 c6 8. h4 cxd5
9. g5 Nxe4 10. Nxd5 Nc6 11. Nh3 Be6 12. c3 Ne7 13. Bc4 Nf5 14. Qf3 Nc5 15. Bxc5
dxc5 16. O-O-O Qa5 17. Nf6+ Bxf6 18. Bxe6 fxe6 19. gxf6 Qxa2 20. Ng5 Rab8 21.
f7+ Kh8 22. h5 Qa1+ 23. Kc2 Qa4+ 24. Kb1 gxh5 25. Qxh5 1-0

[Event "SR 2. liga A 2011/2012"]
[Site "?"]
[Date "2011.11.05"]
[Round "14.7"]
[White "Mandak, Miroslav"]
[Black "Diviak, Rastislav"]
[Result "1/2-1/2"]
[WhiteElo "2003"]
[BlackElo "2020"]
[PlyCount "119"]
[EventDate "2011.??.??"]
[WhiteTeam "Slovakia"]
[BlackTeam "Slovakia"]
[WhiteTeamCountry "SVK"]
[BlackTeamCountry "SVK"]

1. e4 c5 2. Nf3 d6 3. d4 cxd4 4. Nxd4 Nf6 5. Nc3 a6 6. Bc4 e6 7. Bb3 Be7 8. a4
Nc6 9. O-O O-O 10. Be3 Qc7 11. f4 Na5 12. Qe2 Nxb3 13. Nxb3 Bd7 14. a5 Rac8 15.
Nd2 Bc6 16. Bb6 Qb8 17. Bf2 d5 18. e5 Nd7 19. Nb3 Qc7 20. Rfc1 Bb4 21. Bd4 Bxc3
22. Bxc3 Bb5 23. Qe3 Rfe8 24. Bd4 Qc4 25. Nd2 Qe2 26. Qxe2 Bxe2 27. c3 Bd3 28.
Kf2 Nc5 29. Ke3 Bg6 30. b4 Ne4 31. Nxe4 Bxe4 32. g4 Rc4 33. Ra3 Rec8 34. Rb3 h6
35. Ra1 R8c7 36. Ra2 Bg6 37. b5 axb5 38. Rxb5 Rd7 39. a6 bxa6 40. Rb8+ Kh7 41.
Rxa6 f6 42. exf6 gxf6 43. Bxf6 Bf7 44. f5 exf5 45. gxf5 Re4+ 46. Kd3 Re8 47.
Raa8 Rxb8 48. Rxb8 Bg8 49. Kd4 Rf7 50. Ke5 Rd7 51. h4 Rf7 52. Rd8 Rc7 53. Rxg8
Kxg8 54. Kxd5 Kf7 55. Be5 Rd7+ 56. Ke4 Rd1 57. Kf4 Re1 58. Bd4 Rf1+ 59. Kg4 Rh1
60. Kh5 1/2-1/2

[Event "SR 2. liga A 2011/2012"]
[Site "?"]
[Date "2011.11.05"]
[Round "15.1"]
[White "Kundrik, Peter"]
[Black "Kleman, Miroslav"]
[Result "1/2-1/2"]
[WhiteElo "2260"]
[BlackElo "2230"]
[PlyCount "64"]
[EventDate "2011.??.??"]
[WhiteTeam "Slovakia"]
[BlackTeam "Slovakia"]
[WhiteTeamCountry "SVK"]
[BlackTeamCountry "SVK"]

1. d4 Nf6 2. c4 c5 3. d5 e6 4. Nc3 exd5 5. cxd5 Bd6 6. Nf3 Bc7 7. e4 d6 8. h3
O-O 9. Bd3 Re8 10. O-O Nbd7 11. Re1 Ba5 12. Re2 c4 13. Bc2 Bxc3 14. bxc3 Qa5
15. Bf4 Ne5 16. Re3 Nfd7 17. Nd4 Nc5 18. Rg3 Qd8 19. Re3 Bd7 20. a4 Qf6 21. Bg3
g5 22. Bxe5 dxe5 23. Rf3 Qg6 24. Nf5 Bxf5 25. Rxf5 Rac8 26. a5 h6 27. Rb1 Qa6
28. h4 f6 29. Rb4 Red8 30. g3 Kg7 31. Qf3 Rd6 32. Kg2 Qxa5 1/2-1/2

[Event "SR 2. liga A 2011/2012"]
[Site "?"]
[Date "2011.11.05"]
[Round "15.2"]
[White "Tepper, Frantisek"]
[Black "Blatnicky, Miroslav"]
[Result "1-0"]
[WhiteElo "2163"]
[BlackElo "2130"]
[PlyCount "45"]
[EventDate "2011.??.??"]
[WhiteTeam "Slovakia"]
[BlackTeam "Slovakia"]
[WhiteTeamCountry "SVK"]
[BlackTeamCountry "SVK"]

1. e4 e6 2. d4 d5 3. exd5 exd5 4. Bd3 Nf6 5. Nf3 Bd6 6. O-O Be6 7. Bg5 Nbd7 8.
Re1 h6 9. Bh4 Qe7 10. c4 g5 11. Bg3 Bxg3 12. hxg3 O-O-O 13. c5 Rdg8 14. c6 Nb6
15. a4 bxc6 16. Ne5 Qd6 17. Qc2 Nc4 18. b3 Nb6 19. a5 Nbd7 20. Nxc6 Nb8 21.
Nxa7+ Kd7 22. Nb5 Qc6 23. N5c3 1-0

[Event "SR 2. liga A 2011/2012"]
[Site "?"]
[Date "2011.11.05"]
[Round "15.3"]
[White "Abel, Peter"]
[Black "Fabry, Robert"]
[Result "1/2-1/2"]
[WhiteElo "2198"]
[BlackElo "2177"]
[PlyCount "51"]
[EventDate "2011.??.??"]
[WhiteTeam "Slovakia"]
[BlackTeam "Slovakia"]
[WhiteTeamCountry "SVK"]
[BlackTeamCountry "SVK"]

1. c4 Nf6 2. Nc3 e6 3. e4 d5 4. e5 d4 5. exf6 dxc3 6. fxg7 cxd2+ 7. Bxd2 Bxg7
8. Qc2 Nc6 9. Nf3 Qe7 10. Bd3 Nb4 11. Qa4+ Nc6 12. Qc2 Nb4 13. Qa4+ Nc6 14. Qb3
Bd7 15. O-O O-O-O 16. Rfe1 Nd4 17. Nxd4 Bxd4 18. Be4 c6 19. Be3 Bxe3 20. Qxe3
Kb8 21. Rab1 e5 22. Bd3 Rde8 23. b4 f5 24. c5 Rhg8 25. b5 Qg5 26. Qxg5 1/2-1/2

[Event "SR 2. liga A 2011/2012"]
[Site "?"]
[Date "2011.11.05"]
[Round "15.4"]
[White "Mikulas, Dusan"]
[Black "Godula, Martin"]
[Result "1/2-1/2"]
[WhiteElo "2142"]
[BlackElo "2185"]
[PlyCount "61"]
[EventDate "2011.??.??"]
[WhiteTeam "Slovakia"]
[BlackTeam "Slovakia"]
[WhiteTeamCountry "SVK"]
[BlackTeamCountry "SVK"]

1. e4 c5 2. Nc3 Nc6 3. f4 g6 4. Nf3 Bg7 5. Bb5 Nd4 6. Bc4 d6 7. O-O e6 8. Nb5
Nxb5 9. Bxb5+ Bd7 10. Bxd7+ Qxd7 11. d4 Nf6 12. e5 Nd5 13. dxc5 dxc5 14. c4 Nb4
15. Be3 Qxd1 16. Raxd1 b6 17. a3 Nc6 18. Rd6 Na5 19. Rc1 Bf8 20. Rd3 Be7 21.
Bd2 Nc6 22. Bc3 Rd8 23. Rcd1 Rxd3 24. Rxd3 h6 25. g4 Rf8 26. Kg2 f5 27. exf6
Bxf6 28. Bxf6 Rxf6 29. Kg3 Ke7 30. h4 Rf8 31. Rd2 1/2-1/2

[Event "SR 2. liga A 2011/2012"]
[Site "?"]
[Date "2011.11.05"]
[Round "15.5"]
[White "Pobjecky, Ivan"]
[Black "Hecht, Tomas"]
[Result "1/2-1/2"]
[WhiteElo "2058"]
[BlackElo "1982"]
[PlyCount "33"]
[EventDate "2011.??.??"]
[WhiteTeam "Slovakia"]
[BlackTeam "Slovakia"]
[WhiteTeamCountry "SVK"]
[BlackTeamCountry "SVK"]

1. e4 c5 2. Nf3 Nc6 3. d4 cxd4 4. Nxd4 g6 5. Nc3 Bg7 6. Be3 Nf6 7. Be2 O-O 8.
Qd2 d5 9. exd5 Nxd5 10. Nxd5 Qxd5 11. Bf3 Qe5 12. c3 Nxd4 13. cxd4 Qb5 14. Be2
Qd5 15. Bf3 Qb5 16. Be2 Qd5 17. Bf3 1/2-1/2

[Event "SR 2. liga A 2011/2012"]
[Site "?"]
[Date "2011.11.05"]
[Round "15.6"]
[White "Kuna, Vladimir"]
[Black "Manak, Adrian"]
[Result "0-1"]
[WhiteElo "2028"]
[BlackElo "1931"]
[PlyCount "74"]
[EventDate "2011.??.??"]
[WhiteTeam "Slovakia"]
[BlackTeam "Slovakia"]
[WhiteTeamCountry "SVK"]
[BlackTeamCountry "SVK"]

1. d4 d5 2. Nf3 Nf6 3. c4 c6 4. Nc3 dxc4 5. Bg5 Nd5 6. e4 Nxc3 7. bxc3 b5 8.
Be2 Qc7 9. O-O e6 10. Bh4 Bd6 11. e5 Ba3 12. Qc2 Nd7 13. Nd2 Nb6 14. f4 Nd5 15.
Rf3 Bd7 16. g4 h5 17. gxh5 Rxh5 18. Bg5 c5 19. Ne4 cxd4 20. cxd4 Bf8 21. Ng3
Rh8 22. f5 Rc8 23. Rf2 exf5 24. Nxf5 Be6 25. Ne3 Be7 26. Nxd5 Bxd5 27. Qf5 Qd7
28. Qf4 Rc6 29. Bg4 Qc7 30. Bxe7 Kxe7 31. Qg5+ Kf8 32. Raf1 Qe7 33. Qf4 Rg6 34.
Qf5 Qe6 35. Qxe6 Bxe6 36. h3 Rxh3 37. Kg2 Rh4 0-1

[Event "SR 2. liga A 2011/2012"]
[Site "?"]
[Date "2011.11.05"]
[Round "15.7"]
[White "Mihalik, Anton"]
[Black "Klimes, Milan"]
[Result "1-0"]
[WhiteElo "1965"]
[BlackElo "1893"]
[PlyCount "105"]
[EventDate "2011.??.??"]
[WhiteTeam "Slovakia"]
[BlackTeam "Slovakia"]
[WhiteTeamCountry "SVK"]
[BlackTeamCountry "SVK"]

1. c4 Nf6 2. Nc3 g6 3. e4 d6 4. d4 Bg7 5. Be2 O-O 6. Nf3 c6 7. O-O Nbd7 8. h3
e5 9. Be3 Qe7 10. d5 c5 11. Qd2 Ne8 12. Nh2 f5 13. exf5 gxf5 14. Bh6 Ndf6 15.
Kh1 Bxh6 16. Qxh6 Qg7 17. Qe3 Kh8 18. Rg1 f4 19. Qd3 Qg6 20. Qxg6 hxg6 21. Bd3
Bf5 22. Bxf5 gxf5 23. Nf3 Rg8 24. Nh4 Rg5 25. g3 fxg3 26. fxg3 Ng7 27. Raf1
Nfh5 28. Kh2 Kh7 29. Nf3 Rg6 30. h4 Rf8 31. Ng5+ Kg8 32. Nb5 f4 33. gxf4 Rxf4
34. Rxf4 Nxf4 35. Ne4 Rh6 36. Rg4 Kf8 37. Nbxd6 b6 38. Kg3 Ne2+ 39. Kf2 Nd4 40.
Nc8 a6 41. d6 Ngf5 42. Nxb6 Nxd6 43. Nd7+ Ke8 44. Ndxc5 Nxc4 45. b3 Nd2 46. h5
Rh8 47. Rg6 Ke7 48. h6 a5 49. Rg7+ Kf8 50. Nd7+ Ke8 51. Nef6+ Kd8 52. h7 Rxh7
53. Rxh7 1-0

[Event "SR 2. liga A 2011/2012"]
[Site "?"]
[Date "2011.11.05"]
[Round "16.1"]
[White "Jablonicky, Frantisek"]
[Black "Rohacek, Miroslav"]
[Result "1/2-1/2"]
[WhiteElo "2187"]
[BlackElo "2297"]
[PlyCount "35"]
[EventDate "2011.??.??"]
[WhiteTeam "Slovakia"]
[BlackTeam "Slovakia"]
[WhiteTeamCountry "SVK"]
[BlackTeamCountry "SVK"]

1. Nf3 Nf6 2. d4 e6 3. c4 Bb4+ 4. Nbd2 d5 5. e3 O-O 6. Bd3 b6 7. O-O Bb7 8. Qc2
Nbd7 9. e4 dxe4 10. Nxe4 Rc8 11. Bf4 Nxe4 12. Bxe4 Bxe4 13. Qxe4 Nf6 14. Qe2
Bd6 15. Bg5 Be7 16. Rad1 c6 17. a3 Qc7 18. Rfe1 1/2-1/2

[Event "SR 2. liga A 2011/2012"]
[Site "?"]
[Date "2011.11.05"]
[Round "16.2"]
[White "Kovac, Andrej"]
[Black "Sekera, Branislav"]
[Result "1-0"]
[WhiteElo "2154"]
[BlackElo "2151"]
[PlyCount "69"]
[EventDate "2011.??.??"]
[WhiteTeam "Slovakia"]
[BlackTeam "Slovakia"]
[WhiteTeamCountry "SVK"]
[BlackTeamCountry "SVK"]

1. d4 Nf6 2. c4 e6 3. Nc3 d5 4. cxd5 exd5 5. Bg5 Nbd7 6. e3 Be7 7. Bd3 O-O 8.
Nge2 c6 9. O-O Ne4 10. Bxe7 Qxe7 11. Qc2 f5 12. Rac1 Ndf6 13. Na4 Ng4 14. h3
Ngf6 15. a3 g5 16. b4 g4 17. h4 g3 18. fxg3 Nxg3 19. Nxg3 Qxe3+ 20. Qf2 Qxd3
21. Rc3 Qb5 22. Nc5 b6 23. Nxf5 Bxf5 24. Qxf5 Qe2 25. Ne6 Rf7 26. Rcf3 Kh8 27.
Qe5 Qxe5 28. dxe5 Re8 29. Rxf6 Rxf6 30. Rxf6 c5 31. bxc5 bxc5 32. Rf8+ Rxf8 33.
Nxf8 c4 34. Ne6 Kg8 35. Kf2 1-0

[Event "SR 2. liga A 2011/2012"]
[Site "?"]
[Date "2011.11.05"]
[Round "16.3"]
[White "Kozinka, Roman"]
[Black "Kimerling, Martin"]
[Result "0-1"]
[WhiteElo "2056"]
[BlackElo "2015"]
[PlyCount "72"]
[EventDate "2011.??.??"]
[WhiteTeam "Slovakia"]
[BlackTeam "Slovakia"]
[WhiteTeamCountry "SVK"]
[BlackTeamCountry "SVK"]

1. c4 Nf6 2. Nc3 g6 3. Nf3 Bg7 4. g3 O-O 5. Bg2 d6 6. Rb1 a5 7. d4 Nbd7 8. O-O
e5 9. Qc2 c6 10. Rd1 Qc7 11. b3 Re8 12. dxe5 dxe5 13. Na4 Nf8 14. e4 Nxe4 15.
Qxe4 Bf5 16. Qe2 Bxb1 17. Nd2 Bc2 18. Re1 e4 19. c5 Bd3 20. Qe3 Rad8 21. Bb2 f5
22. Qg5 Ne6 23. Qe3 Nd4 24. Bxd4 Bxd4 25. Qh6 Qg7 26. Qxg7+ Kxg7 27. Nf1 Bb5
28. Rc1 Re5 29. Ne3 Bxa4 30. bxa4 Rxc5 31. Rb1 b5 32. axb5 cxb5 33. Bf1 Bxe3
34. fxe3 b4 35. Rb2 Rc3 36. Kf2 Rdc8 0-1

[Event "SR 2. liga A 2011/2012"]
[Site "?"]
[Date "2011.11.05"]
[Round "16.4"]
[White "Mikova, Veronika"]
[Black "Kavon, Rastislav"]
[Result "1/2-1/2"]
[WhiteElo "2060"]
[BlackElo "1879"]
[PlyCount "72"]
[EventDate "2011.??.??"]
[WhiteTeam "Slovakia"]
[BlackTeam "Slovakia"]
[WhiteTeamCountry "SVK"]
[BlackTeamCountry "SVK"]

1. e4 c5 2. Nf3 Nc6 3. Bb5 g6 4. O-O Bg7 5. c3 Nf6 6. Re1 O-O 7. d4 cxd4 8.
cxd4 d5 9. e5 Ne8 10. h3 Qb6 11. Nc3 Nc7 12. Bf1 a5 13. b3 Rd8 14. Be3 f6 15.
Na4 Qa7 16. Qd2 b5 17. Nc3 Ba6 18. Ne2 Ne6 19. Nf4 Nxf4 20. Bxf4 fxe5 21. dxe5
e6 22. Rac1 Rac8 23. Rc2 Rd7 24. Rec1 Rdc7 25. Ng5 Bxe5 26. Bxe5 Nxe5 27. Rxc7
Rxc7 28. Rxc7 Qxc7 29. Nxe6 Qd6 30. Nd4 b4 31. Bxa6 Qxa6 32. Nf5 gxf5 33. Qxd5+
Nf7 34. Qxf5 Qc6 35. Qxa5 Qc1+ 36. Kh2 Qf4+ 1/2-1/2

[Event "SR 2. liga A 2011/2012"]
[Site "?"]
[Date "2011.11.05"]
[Round "16.5"]
[White "Lopatievov, Alexander"]
[Black "Sebo, Viktor"]
[Result "0-1"]
[WhiteElo "1925"]
[BlackElo "1924"]
[PlyCount "64"]
[EventDate "2011.??.??"]
[WhiteTeam "Slovakia"]
[BlackTeam "Slovakia"]
[WhiteTeamCountry "SVK"]
[BlackTeamCountry "SVK"]

1. c4 e5 2. Nc3 Nf6 3. g3 d5 4. cxd5 Nxd5 5. Bg2 Be6 6. Nf3 Nc6 7. O-O f6 8. a3
Qd7 9. d3 O-O-O 10. Bd2 Nxc3 11. Bxc3 Bh3 12. b4 h5 13. Re1 Bxg2 14. Kxg2 h4
15. Qb3 hxg3 16. fxg3 Qh3+ 17. Kf2 g5 18. Rh1 Bh6 19. Qc4 g4 20. Nh4 Nd4 21.
Bxd4 Rxd4 22. Qe6+ Kb8 23. Nf5 Rdd8 24. Nxh6 Qxh6 25. Qxg4 f5 26. Qc4 f4 27.
Rac1 fxg3+ 28. hxg3 Rdf8+ 29. Kg2 Qe3 30. Qxc7+ Ka8 31. Rxh8 Qxe2+ 32. Kg1 Qf2+
0-1

[Event "SR 2. liga A 2011/2012"]
[Site "?"]
[Date "2011.11.05"]
[Round "16.6"]
[White "Sklars, Tomas"]
[Black "Mackovic, Miroslav"]
[Result "1-0"]
[WhiteElo "1898"]
[BlackElo "1911"]
[PlyCount "109"]
[EventDate "2011.??.??"]
[WhiteTeam "Slovakia"]
[BlackTeam "Slovakia"]
[WhiteTeamCountry "SVK"]
[BlackTeamCountry "SVK"]

1. e4 c5 2. Nf3 d6 3. d4 cxd4 4. Nxd4 Nf6 5. Nc3 a6 6. Bg5 e6 7. f4 Nbd7 8. Qf3
Be7 9. O-O-O Qc7 10. g4 b5 11. Bxf6 gxf6 12. Rg1 b4 13. Nce2 Nc5 14. Ng3 Bb7
15. Bd3 O-O-O 16. h4 d5 17. Qe3 Nxd3+ 18. Rxd3 e5 19. fxe5 fxe5 20. Nb3 d4 21.
Qe1 Bxh4 22. Qxb4 Bxg3 23. Rdxg3 Bxe4 24. Nc5 a5 25. Qb5 Bc6 26. Qa6+ Bb7 27.
Nxb7 Qxb7 28. Qxa5 Rd5 29. Qd2 e4 30. Rb3 Qc7 31. Ra3 Kd7 32. Rf1 Ke7 33. Qf2
Rf8 34. Qf6+ Ke8 35. Ra8+ Rd8 36. Rxd8+ Qxd8 37. Qc6+ Qd7 38. Qxe4+ Kd8 39. Rd1
Re8 40. Qxd4 Qxd4 41. Rxd4+ Kc7 42. Kd2 Re5 43. a4 Kc6 44. b4 h5 45. gxh5 Rxh5
46. Rf4 f5 47. c4 Kd6 48. Kd3 Ke5 49. Rf3 f4 50. a5 Rh7 51. a6 Rd7+ 52. Ke2 Rf7
53. b5 Kd4 54. b6 Kc5 55. b7 1-0

[Event "SR 2. liga A 2011/2012"]
[Site "?"]
[Date "2011.11.05"]
[Round "16.7"]
[White "Jablonicky, Martin"]
[Black "Rozarova, Katarina"]
[Result "1-0"]
[WhiteElo "1757"]
[BlackElo "1651"]
[PlyCount "65"]
[EventDate "2011.??.??"]
[WhiteTeam "Slovakia"]
[BlackTeam "Slovakia"]
[WhiteTeamCountry "SVK"]
[BlackTeamCountry "SVK"]

1. e4 c5 2. Nf3 d6 3. d4 cxd4 4. Nxd4 Nf6 5. Nc3 a6 6. Be3 e5 7. Nb3 Be7 8. f3
Be6 9. g4 d5 10. g5 d4 11. gxf6 Bxf6 12. Bf2 dxc3 13. Qxd8+ Bxd8 14. O-O-O
cxb2+ 15. Kxb2 Nd7 16. Rg1 O-O 17. Be3 Kh8 18. Rg2 Rc8 19. Rgd2 Bb6 20. Rxd7
Bxe3 21. Rxb7 Rc6 22. Na5 Bd4+ 23. Rxd4 Rc5 24. Ra4 Rfc8 25. Bd3 h6 26. Nb3
R5c6 27. Rxa6 Rxa6 28. Bxa6 f5 29. Re7 Rc6 30. Bb7 Rb6 31. exf5 Bxf5 32. Re8+
Kh7 33. Be4 1-0